ბათუმის შოთა რუსთაველის სახელმწიფო უნივერსიტეტის ბიბლიოთეკა

ხუთასწლიანი ფარული ომი (ბიბ.ჩანაწერი № 49736)

000 -LEADER
fixed length control field 00861nam a2200229Ia 4500
001 - CONTROL NUMBER
control field 16671
003 - CONTROL NUMBER IDENTIFIER
control field GE_BSU
008 - FIXED-LENGTH DATA ELEMENTS--GENERAL INFORMATION
fixed length control field 181216s||||||||xx |||||||||||||| ||und||
040 ## - CATALOGING SOURCE
Transcribing agency GE_BSU
080 ## - UNIVERSAL DECIMAL CLASSIFICATION NUMBER
Universal Decimal Classification number 327.84(09) + 355.40
100 ## - MAIN ENTRY--PERSONAL NAME
Personal name ჩერნიაკი, ეფიმ
245 ## - TITLE STATEMENT
Title ხუთასწლიანი ფარული ომი
245 ## - TITLE STATEMENT
Remainder of title დაზვერვის ისტორიიდან
245 ## - TITLE STATEMENT
Statement of responsibility, etc. თარგმნეს რ. ბარკალაიამ და ნ. ძოწენიძემ
260 ## - PUBLICATION, DISTRIBUTION, ETC.
Place of publication, distribution, etc. თბილისი
260 ## - PUBLICATION, DISTRIBUTION, ETC.
Name of publisher, distributor, etc. საბჭ. საქართველო
260 ## - PUBLICATION, DISTRIBUTION, ETC.
Date of publication, distribution, etc. 1969
300 ## - PHYSICAL DESCRIPTION
Extent 623გვ. ; 22სმ
653 ## - INDEX TERM--UNCONTROLLED
Uncontrolled term დაზვერვის ისტორიიდან
653 ## - INDEX TERM--UNCONTROLLED
Uncontrolled term ხუთასწლიანი ფარული ომი
942 ## - ADDED ENTRY ELEMENTS (KOHA)
Koha item type წიგნი
ეგზემპლარები
Withdrawn status Lost status Damaged status Not for loan Date acquired Barcode Date last seen Price effective from Koha item type
        2018-12-17 22086 2018-12-17 2018-12-17 წიგნი
        2018-12-17 22088 2018-12-17 2018-12-17 წიგნი
        2018-12-17 22087 2018-12-17 2018-12-17 წიგნი